[Event "Tourn. n9610"]
[Site "www.chess-mail.com"]
[Date "2017.12.01"]
[Round "1"]
[White "Apdash"]
[Black "Norlavuaram"]
[WhiteElo "2240"]
[BlackElo "2110"]
[Result "1-0"]
[Round "1"]
1.d4 Ng8f6
2.Ng1f3 g6
3.g3 Bf8g7
4.Bf1g2 O-O
5.O-O d5
6.c4 dxc4
7.Nb1c3 c6
8.a4 e6
9.Bc1g5 Nb8d7
10.e4 h6
11.Bg5xf6 Nd7xf6
12.Qd1e2 Qd8c7
13.Qe2xc4  { time }
1-0

[Event "Tourn. n9631"]
[Site "www.chess-mail.com"]
[Date "2017.12.01"]
[Round "1"]
[White "Sahlapalat"]
[Black "Azulmarino"]
[WhiteElo "1869"]
[BlackElo "1670"]
[Result "1-0"]
[Round "1"]
1.d4 d5
2.c4 dxc4
3.Ng1f3 Bc8g4
4.Nf3e5 Bg4f5
5.Ne5xc4 Nb8c6
6.d5 Nc6b8
7.Nb1c3 g6
8.e4 Bf5d7
9.Bf1e2 Bf8g7
10.O-O c6
11.Rf1e1 c5
12.Bc1f4 Ng8f6
13.e5 Nf6h5
14.Be2xh5 gxh5
15.Qd1xh5 O-O
16.Re1e3 b5
17.Re3g3 bxc4
18.Qh5h6 { resign }
1-0

[Event "Tourn. n9623"]
[Site "www.chess-mail.com"]
[Date "2017.12.01"]
[Round "1"]
[White "Sahlapalat"]
[Black "Llcervello"]
[WhiteElo "1679"]
[BlackElo "1660"]
[Result "1-0"]
[Round "1"]
1.d4 d5
2.c4 c6
3.Ng1f3 dxc4
4.e3 b5
5.a4 Qd8d5
6.Nb1c3 Qd5d6
7.axb5 cxb5
8.Nc3xb5 Qd6b4
9.Nb5c3 Bc8d7
10.Nf3e5 Bd7b5
11.Qd1f3 Nb8c6
12.Ne5xc6 Qb4d6
13.Nc3xb5 Qd6d7
14.Bf1xc4 e6
15.O-O a6
16.Nc6e5 Qd7c8
17.Qf3xf7 Kd8
18.Qf7xf8 { resign }
1-0

[Event "Match"]
[Site "www.echecsemail.com"]
[Date "2017.12.01"]
[Round "1"]
[White "Bojan"]
[Black "Mitja"]
[WhiteElo "2010"]
[BlackElo "2010"]
[Result "0-1"]
[Round "1"]
1.g3 d5
2.Bf1g2 e6
3.c3 c6
4.Ng1f3 h6
5.Qd1c2 Ng8f6
6.b3 Bf8e7
7.d3 b6
8.Nb1d2 Bc8b7
9.Bc1b2 Nb8a6
10.O-O-O Na6c7
11.c4 dxc4
12.dxc4 c5
13.Rh1g1 a5
14.a4 Nc7a6
15.h3 Na6b4
16.Qc2b1 Qd8c7
17.Bb2e5 Qc7c8
18.Qb1b2 O-O
19.Nf3h2 Bb7xg2
20.Rg1xg2 Qc8b7
21.f3 Nb4c6
22.Be5c3 Ra8d8
23.e4 Qb7b8
24.f4 Nc6b4
25.Nh2f3 Nb4d3
26.Kc2 Nd3xb2
27.Bc3xb2 Rd8d7
28.Nf3e5 Rd7d6
29.g4 Rf8d8
30.h4 Qb8b7
31.Rg2e2 Nf6d7
32.Ne5f3 Nd7b8
33.Bb2c3 Nb8c6
34.Bc3b2 Nc6b4
35.Kb1 Nb4d3
36.e5 Rd6d7
37.f5 Nd3xb2
38.Kxb2 exf5
39.gxf5 f6
40.Kc3 Rd7d3
41.Kc2 Rd3xf3
{ resign }
0-1

[Event "Match"]
[Site "www.echecsemail.com"]
[Date "2017.12.01"]
[Round "1"]
[White "Whitekknight"]
[Black "Apdash"]
[WhiteElo "1920"]
[BlackElo "2310"]
[Result "0-1"]
[Round "1"]
1.e4 c5
2.Ng1f3 Nb8c6
3.d4 cxd4
4.Nf3xd4 e5
5.Nd4xc6 bxc6
6.Bc1d2 Ng8f6
7.Nb1c3 Bf8b4
8.Bf1d3 O-O
9.O-O d5
10.exd5 cxd5
11.a3 Bb4a5
12.b4 Ba5b6
13.Bd2g5 Qd8d6
14.Nc3xd5 Nf6xd5
15.c4 f5
16.cxd5 e4
17.Bd3c4 h6
18.Bg5e3 Bb6c7
19.Qd1h5 Kh7
20.Qh5h4 Rf8f6
21.f4 exf3
22.Rf1xf3 f4
23.Be3d4 Bc7b6
24.Bd4xb6 Qd6xb6
25.Kh1 Qb6d4
26.Bc4d3 Bc8f5
27.Bd3xf5 Rf6xf5
28.Ra1f1 Ra8f8
29.h3 g5
30.Qh4f2 Rf5xd5
31.Qf2xd4 Rd5xd4
32.g3 Kg6
33.gxf4 gxf4
34.Kg2 Kf5
35.Rf1c1 Rf8g8
36.Kf2 Rg8d8
37.Rc1c2 Rd4d2
38.Rc2xd2 Rd8xd2
39.Ke1 Rd2a2
40.Kd1 Ke4
41.Rf3b3 f3
42.Ke1 Kf4
43.Kf1 Kg3
44.Rb3b1 Kxh3
{ resign }
0-1

[Event "Match"]
[Site "www.echecsemail.com"]
[Date "2017.12.01"]
[Round "1"]
[White "Chessington"]
[Black "Conde7"]
[WhiteElo "2770"]
[BlackElo "2880"]
[Result "1/2-1/2"]
[Round "1"]
1.Ng1f3 Ng8f6
2.g3 d5
3.Bf1g2 c5
4.O-O e6
5.d4 cxd4
6.Nf3xd4 e5
7.Nd4f3 Nb8c6
8.c4 d4
9.e3 Bf8e7
10.a3 a5
11.exd4 exd4
12.Rf1e1 O-O
13.Bc1f4 Bc8e6
14.Nb1d2 Nf6h5
15.Bf4e5 Nh5f6
16.Ra1c1 Ra8c8
17.c5 Nc6xe5
18.Re1xe5 Nf6d7
19.Re5xe6 fxe6
20.b4 e5
21.Qd1e2 { draw }
1/2-1/2

[Event "Match"]
[Site "www.echecsemail.com"]
[Date "2017.12.01"]
[Round "1"]
[White "Coraza"]
[Black "Ditto"]
[WhiteElo "1860"]
[BlackElo "1860"]
[Result "0-1"]
[Round "1"]
1.c4 e5
2.e4 Nb8c6
3.Ng1f3 Bf8c5
4.g3 Ng8f6
5.Rh1g1 Nf6xe4
6.Rg1g2 d6
7.Qd1e2 Bc8f5
8.Nf3h4 Qd8f6
9.d3 Ne4g5
10.Bc1xg5 Qf6xg5
11.Nh4f3 Qg5f6
12.Nb1c3 Bc5b4
13.Qe2c2 O-O
14.a3 Bb4c5
15.Nc3d5 Qf6d8
16.O-O-O a5
17.g4 Bf5g6
18.h4 f6
19.h5 Bg6f7
20.Nd5c3 Bc5d4
21.Nc3e2 Bd4c5
22.g5 Bf7xh5
23.Nf3h4 fxg5
24.Nh4f5 Bh5g6
25.Nf5e3 Bg6h5
26.Rd1d2 Bh5g6
27.Rg2g3 Rf8xf2
28.Ne2c3 Rf2xd2
29.Qc2xd2 Nc6d4
30.Kb1 Nd4b3
31.Qd2c2 Nb3d4
32.Qc2h2 c6
33.Ne3c2 Nd4e6
34.Bf1h3 Ne6f4
35.Bh3f1 b5
36.cxb5 cxb5
37.Nc3xb5 Ra8b8
38.a4 h6
39.Bf1g2 Bg6xd3
40.Bg2c6 Qd8f6
41.Rg3f3 Qf6f7
42.Kc1 Nf4e2
43.Kd1 Qf7xf3
44.Bc6xf3 Ne2f4
45.Nc2e1 Rb8c8
46.Ne1xd3 Nf4xd3
47.Bf3d5 Kf8
48.Qh2h3 Nd3f2
49.Ke2 Bc5b6
50.Qh3xc8 Ke7
 { time }
0-1

[Event "Match"]
[Site "www.echecsemail.com"]
[Date "2017.12.01"]
[Round "1"]
[White "Sahlapalat"]
[Black "Cal"]
[WhiteElo "1499"]
[BlackElo "1690"]
[Result "1-0"]
[Round "1"]
1.d4 d5
2.c4 dxc4
3.Ng1f3 e6
4.e4 h6
5.Bf1xc4 Ng8f6
6.Nb1c3 a6
7.O-O b5
8.Bc4d3 c6
9.Bc1f4 Bf8b4
10.Qd1e2 Bb4xc3
11.bxc3 O-O
12.Rf1d1 Nb8d7
13.h3 Bc8b7
14.Ra1c1 Ra8c8
15.e5 Nf6d5
16.Qe2e4 c5
17.Qe4h7 { resign }
1-0

[Event "Match"]
[Site "www.echecsemail.com"]
[Date "2017.12.01"]
[Round "1"]
[White "Apdash"]
[Black "Sachpat"]
[WhiteElo "2240"]
[BlackElo "2810"]
[Result "0-1"]
[Round "1"]
1.e4 e5
2.Bf1c4 Ng8f6
3.Nb1c3 Bf8c5
4.Ng1f3 Nb8c6
5.O-O O-O
6.a3 d6
7.d3 Bc8g4
8.h3 Bg4xf3
9.Qd1xf3 Nc6d4
10.Qf3d1 c6
11.Bc1g5 b5
12.Bc4a2 h6
13.Bg5h4 Qd8e7
14.Kh1 g5
15.Bh4g3 Kh7
16.Nc3e2 Nd4e6
17.b4 Bc5b6
18.c3 Nf6h5
19.Qd1c2 Nh5f4
20.d4 Ne6g7
21.dxe5 dxe5
22.c4 Rf8d8
23.c5 Bb6c7
24.Bg3h2 a5
25.Ne2xf4 gxf4
26.g3 Qe7d7
27.Qc2b3 Qd7xh3
28.gxf4 Qh3xb3
29.Ba2xb3 exf4
30.Bb3xf7 Rd8d7
31.Bf7b3 Rd7d3
32.Bb3c2 Rd3c3
33.Rf1c1 Bc7e5
34.Bc2d1 Rc3h3
35.Bd1g4 Rh3h4
36.Bg4f3 axb4
37.Ra1b1 bxa3
{ resign }
0-1

[Event "Match"]
[Site "www.echecsemail.com"]
[Date "2017.12.01"]
[Round "1"]
[White "Mrmoto"]
[Black "Sahlapalat"]
[WhiteElo "1700"]
[BlackElo "1499"]
[Result "0-1"]
[Round "1"]
1.e4 c5
2.Ng1f3 d6
3.d4 cxd4
4.Qd1xd4 Nb8c6
5.Qd4d1 Ng8f6
6.Nb1c3 g6
7.a3 Bf8g7
8.Bc1e3 O-O
9.Bf1b5 Bc8d7
10.O-O Ra8c8
11.Bb5e2 a6
12.b4 Nf6g4
13.Nf3d4 Ng4xe3
14.fxe3 Nc6e5
15.Qd1d2 Ne5c4
16.Be2xc4 Rc8xc4
17.Qd2d3 b5
18.a4 Rc4xb4
19.Ra1b1 Rb4xb1
20.Rf1xb1 bxa4
21.Rb1a1 Qd8a5
22.Ra1a3 Rf8c8
{ resign }
0-1

[Event "Tourn. n9616"]
[Site "www.chess-mail.com"]
[Date "2017.12.02"]
[Round "1"]
[White "Norlavuaram"]
[Black "Liencam2"]
[WhiteElo "2110"]
[BlackElo "2270"]
[Result "0-1"]
[Round "1"]
1.e4 c5
2.Ng1f3 e6
3.d4 cxd4
4.Nf3xd4 a6
5.c4 Ng8f6
6.Nb1c3 Qd8c7
7.b3 Nb8c6
8.Bc1b2 Bf8b4
9.f3 O-O
10.Bf1e2 { time. }
0-1

[Event "Tourn. n9632"]
[Site "www.chess-mail.com"]
[Date "2017.12.02"]
[Round "1"]
[White "Pellix84"]
[Black "Fantomas"]
[WhiteElo "2060"]
[BlackElo "2170"]
[Result "1-0"]
[Round "1"]
1.d4 d5
2.c4 e6
3.Ng1f3 Ng8f6
4.Nb1c3 h6
5.e3 c6
6.Bf1e2 Bf8d6
7.O-O O-O
8.b3 Rf8e8
9.Nf3e5 Nb8d7
10.f4 Nd7f8
11.Bc1b2 Re8e7
12.Qd1e1 Bc8d7
13.g4 Nf6h7
14.Qe1g3 f6
15.Ne5f3 b6
16.Qg3g2 Re7f7
17.Be2d3 g5
18.Nc3e2 Qd8c7
19.Rf1f2 Ra8e8
20.Ra1f1 Re8e7
21.Qg2h3 Kg7
22.fxg5 fxg5
23.Nf3e5 Rf7xf2
24.Rf1xf2 Bd6xe5
25.dxe5 Bd7e8
26.Rf2f6 Be8g6
27.Bd3xg6 Nf8xg6
28.Qh3h5 Nh7f8
29.h4 gxh4
30.Ne2f4 Ng6xf4
31.Qh5xh6 Kg8
32.Rf6xf8 { resign }
1-0

[Event "Tourn. n9610"]
[Site "www.chess-mail.com"]
[Date "2017.12.02"]
[Round "1"]
[White "Norlavuaram"]
[Black "Bojan"]
[WhiteElo "2110"]
[BlackElo "2050"]
[Result "0-1"]
[Round "1"]
1.e4 e5
2.Ng1f3 d6
3.d4 exd4
4.Nf3xd4 Bc8d7
5.c4 Nb8c6
6.Nb1c3 g6
7.Bf1e2 Bf8g7
8.Bc1e3 a6
9.O-O Ng8e7
10.Ra1c1 Nc6xd4
11.Be3xd4 f6
12.f4 Ne7c6
13.Bd4e3 { time. }
0-1

[Event "Tourn. n9584"]
[Site "www.chess-mail.com"]
[Date "2017.12.02"]
[Round "1"]
[White "Szustan"]
[Black "Tonino1"]
[WhiteElo "2490"]
[BlackElo "2280"]
[Result "1-0"]
[Round "1"]
1.e4 d6
2.d4 Ng8f6
3.Nb1c3 g6
4.f4 Bf8g7
5.Ng1f3 O-O
6.Bf1d3 c6
7.O-O Qd8c7
8.Qd1e1 Nf6e8
9.e5 d5
10.b3 e6
11.Bc1a3 b6
12.Ba3xf8 Bg7xf8
13.g4 Bc8a6
14.Bd3xa6 Nb8xa6
15.f5 c5
16.fxg6 hxg6
17.Nf3g5 cxd4
18.Qe1h4 Bf8g7
19.Nc3b5 Qc7c5
20.Qh4h7 Kf8
21.Rf1xf7  { time }
1-0

[Event "Tourn. n9586"]
[Site "www.chess-mail.com"]
[Date "2017.12.02"]
[Round "1"]
[White "Jackbauer"]
[Black "Nulladies"]
[WhiteElo "1930"]
[BlackElo "1920"]
[Result "0-1"]
[Round "1"]
1.e4 c5
2.f4 g6
3.Ng1f3 Bf8g7
4.c3 Ng8f6
5.d3 O-O
6.Bf1e2 d6
7.O-O h6
8.c4 Nb8c6
9.Nb1c3 Bc8g4
10.e5 dxe5
11.fxe5 Bg4xf3
12.Be2xf3 Nf6d7
13.Bf3xc6 bxc6
14.d4 cxd4
15.Qd1xd4 Nd7xe5
16.Qd4e4 f5
17.Qe4e2 Qd8d4
18.Bc1e3 Qd4xc4
19.Qe2c2 Rf8d8
20.b3 Qc4d3
21.Qc2d2 Ne5g4
22.Nc3d1 Qd3xd2
23.Be3xd2 Bg7xa1
24.Bd2b4 Ba1d4
25.Kh1 c5
26.Bb4d2 Kg7
27.Bd2a5 Rd8d7
28.Rf1e1 Ra8e8
29.h3 Ng4f2
30.Nd1xf2 e5
31.Nf2d3 Rd7d5
32.a3 Re8b8
33.b4 c4
34.Ba5c7 Rb8c8
35.Bc7xe5 Bd4xe5
36.Nd3xe5 c3
{ resign }
0-1

[Event "Tourn. n9579"]
[Site "www.chess-mail.com"]
[Date "2017.12.02"]
[Round "1"]
[White "Begory"]
[Black "Julian"]
[WhiteElo "1610"]
[BlackElo "1560"]
[Result "0-1"]
[Round "1"]
1.d4 d5
2.Bc1f4 Ng8f6
3.Nb1c3 e6
4.Nc3b5 Nb8a6
5.e3 Bc8d7
6.Nb5c3 Na6b4
7.a3 Nb4c6
8.Bf1b5 Bf8d6
9.Bf4g5 O-O
10.Qd1f3 h6
11.O-O-O hxg5
12.Qf3e2 Qd8e7
13.Ng1f3 g4
14.Nf3d2 a6
15.Bb5d3 e5
16.dxe5 Nc6xe5
17.h4 b5
18.h5 b4
19.axb4 Bd6xb4
20.h6 g6
21.e4 d4
22.Nc3d5 Nf6xd5
23.exd5 Ne5xd3
24.Qe2xd3 Bd7b5
25.Qd3e4 Bb4xd2
26.Rd1xd2 Qe7xe4
{ resign }
0-1

[Event "Tourn. n9568"]
[Site "www.chess-mail.com"]
[Date "2017.12.02"]
[Round "1"]
[White "Goofy"]
[Black "Fantomas"]
[WhiteElo "2300"]
[BlackElo "2220"]
[Result "1-0"]
[Round "1"]
1.e4 c5
2.d4 cxd4
3.c3 dxc3
4.Nb1xc3 Nb8c6
5.Ng1f3 g6
6.Bf1c4 Bf8g7
7.e5 a6
8.Bc1f4 e6
9.O-O b5
10.Bc4b3 Ng8e7
11.Ra1c1 O-O
12.Nc3e4 a5
13.a3 a4
14.Bb3a2 b4
15.Ba2c4 bxa3
16.bxa3 Qd8b6
17.Ne4d6 Bc8a6
18.Rf1e1 h6
19.Qd1d2 Kh7
20.Bc4a2 Ne7c8
21.Nd6e4 Qb6d8
22.Ne4f6 Kh8
23.Nf6xd7 { resign }
1-0

[Event "Tourn. n9621"]
[Site "www.chess-mail.com"]
[Date "2017.12.02"]
[Round "1"]
[White "Bojan"]
[Black "Francesco"]
[WhiteElo "1990"]
[BlackElo "2180"]
[Result "1-0"]
[Round "1"]
1.e4 c5
2.Ng1f3 d6
3.Bf1c4 Nb8c6
4.c3 g6
5.Nb1a3 a6
6.d4 cxd4
7.cxd4 Bf8g7
8.Bc1e3 b5
9.Bc4d5 Bc8d7
10.Ra1c1 Ra8c8
11.Nf3g5 e6
12.Bd5b3 Ng8f6
13.d5 exd5
14.exd5 Nc6e5
15.O-O O-O
16.Rc1xc8 Qd8xc8
17.Qd1e2 Qc8b7
18.Rf1d1 h6
19.Ng5f3 Ne5xf3
20.gxf3 Rf8e8
21.Qe2d2 h5
22.Qd2b4 Qb7c7
23.Rd1c1 Qc7b8
24.Be3f4 Qb8b7
25.Rc1d1 Re8e2
26.Bf4xd6 Re2xb2
27.Na3c4 Nf6xd5
28.Rd1xd5 Rb2b1
29.Rd5d1 Qb7xf3
30.Rd1xb1 Bg7c3
31.Qb4c5 bxc4
32.Bb3d1 Qf3e4
33.Rb1b8 Kh7
34.Qc5e3 { resign }
1-0

[Event "Tourn. n9589"]
[Site "www.chess-mail.com"]
[Date "2017.12.02"]
[Round "1"]
[White "Apdash"]
[Black "Amaya"]
[WhiteElo "2260"]
[BlackElo "2120"]
[Result "1-0"]
[Round "1"]
1.e4 e6
2.d4 d5
3.exd5 exd5
4.Ng1f3 Bc8g4
5.Bf1e2 Ng8f6
6.O-O Bf8e7
7.Rf1e1 O-O
8.Nb1d2 Nb8c6
9.c3 h6
10.h3 Bg4h5
11.Nd2f1 Rf8e8
12.Bc1f4 Be7d6
13.Bf4xd6 Qd8xd6
14.Nf1g3 Bh5g6
15.Nf3h4 Bg6h7
16.Qd1d2 Nf6e4
17.Ng3xe4 Bh7xe4
18.Be2d3 Nc6a5
19.Bd3xe4 Re8xe4
20.Nh4f5 Qd6f6
21.Nf5e3 Qf6g5
22.Ne3f1 Qg5g6
23.Nf1e3 Re4h4
24.Kh2 c6
25.b3 b5
26.c4 dxc4
27.Qd2xa5 Rh4xd4
28.bxc4 bxc4
29.Qa5c5 Rd4d2
30.Ne3f5 Qg6f6
31.g4 Kh8
32.Kg2 Ra8d8
33.Qc5xa7 g6
34.Re1e7 gxf5
35.Re7xf7 Rd2xf2
36.Kxf2 Qf6b2
37.Kg3 Rd8d3
38.Kh4 Rd3xh3
39.Kxh3 fxg4
40.Kxg4 Qb2g2
41.Kf4 Qg2g5
42.Kf3 Qg5d5
43.Kf2 Qd5d2
44.Kg1 Qd2g5
45.Kf1 { resign }
1-0

[Event "Tourn. n9598"]
[Site "www.chess-mail.com"]
[Date "2017.12.02"]
[Round "1"]
[White "Bojan"]
[Black "Claymil"]
[WhiteElo "1990"]
[BlackElo "2080"]
[Result "1-0"]
[Round "1"]
1.e4 c5
2.Nb1c3 Nb8c6
3.Ng1f3 g6
4.d4 cxd4
5.Nf3xd4 Bf8g7
6.Bc1e3 a6
7.Bf1c4 e6
8.Nd4xc6 bxc6
9.Ra1b1 Ng8e7
10.Nc3a4 Ra8b8
11.b3 d5
12.Bc4d3 O-O
13.O-O Qd8c7
14.Qd1f3 d4
15.Be3g5 f6
16.Bg5d2 c5
17.Bd3c4 Kh8
18.c3 e5
19.Qf3g3 Qc7a5
20.Rb1d1 Qa5c7
21.Qg3d3 Qc7c6
22.f4 Bc8b7
23.Rd1e1 f5
24.cxd4 cxd4
25.Bd2b4 Rb8e8
26.fxe5 Bg7xe5
27.Qd3e2 f4
28.Na4c5 Bb7c8
29.Nc5xa6 Qc6b6
30.a3 d3
31.Qe2f2 Be5d4
32.Bb4c5 Bd4xf2
33.Bc5xf2 Qb6d6
34.Bf2c5 Qd6c6
35.Bc5d4 Rf8f6
36.Na6b4 Qc6d6
37.Bd4c3 Kg7
38.Nb4xd3 g5
39.g3 Bc8h3
40.Rf1f2 Ne7g6
41.a4 Qd6c6
42.e5 Rf6e6
43.a5 Kh6
44.gxf4 Ng6xf4
45.Re1e3 Nf4xd3
46.Re3xh3 Kg7
47.Rh3xd3 Re6e7
48.Rd3g3 h6
49.h4 Qc6c5
50.hxg5 Re8f8
51.e6 Kg8
52.gxh6 Kh7
53.Bc4d3 Kxh6
54.Bc3d2 Kh5
55.Rg3g5 Qc5xg5
56.Bd2xg5 Rf8g8
57.Rf2h2 Kxg5
58.Rh2g2 Kf6
59.Rg2xg8 Kxe6
60.Rg8f8 Kd6
61.Bd3c4 Kc7
62.Rf8f7 Re7xf7
63.Bc4xf7 Kb7
64.b4 Ka7
65.b5 Kb7
66.Bf7d5 Ka7
67.Kf2 Kb8
68.b6 Kc8
69.a6 { resign }
1-0

[Event "Tourn. n9616"]
[Site "www.chess-mail.com"]
[Date "2017.12.02"]
[Round "1"]
[White "Liencam2"]
[Black "Bojan"]
[WhiteElo "2270"]
[BlackElo "2030"]
[Result "1-0"]
[Round "1"]
1.e4 e5
2.Ng1f3 Nb8c6
3.d4 exd4
4.c3 dxc3
5.Bf1c4 cxb2
6.Bc1xb2 d6
7.O-O Bc8g4
8.Qd1b3 Qd8d7
9.Nf3g5 Ng8h6
10.Ng5xf7 Nh6xf7
11.Bc4xf7 Ke7
12.Bf7d5 Ra8b8
13.Nb1d2 Bg4e2
14.Rf1e1 Be2a6
15.Qb3g3 Nc6e5
16.Bb2xe5 dxe5
17.Qg3xe5 Kd8
18.Ra1d1 Bf8d6
19.Qe5c3 c6
20.Bd5b3 Qd7e7
21.e5 Bd6b4
22.Qc3g3 b6
23.Nd2e4 Kc8
24.Ne4d6 Kc7
25.Nd6f5 Qe7f8
26.e6 Kb7
27.Nf5d6 Bb4xd6
28.Rd1xd6 Rb8e8
29.Rd6d7 Ka8
30.Qg3c7 { resign }
1-0

[Event "Tourn. n9632"]
[Site "www.chess-mail.com"]
[Date "2017.12.02"]
[Round "1"]
[White "Bojan"]
[Black "Fantomas"]
[WhiteElo "2000"]
[BlackElo "2170"]
[Result "1/2-1/2"]
[Round "1"]
1.e4 e5
2.Ng1f3 Nb8c6
3.a3 Ng8f6
4.Nb1c3 h6
5.d4 exd4
6.Nf3xd4 Nc6xd4
7.Qd1xd4 b6
8.Nc3d5 Nf6xd5
9.Qd4xd5 c6
10.Qd5h5 Qd8f6
11.f4 Qf6d4
12.Bf1d3 Bf8c5
13.Qh5e2 O-O
14.c3 Qd4f6
15.Bc1d2 Rf8e8
16.b4 Bc5f8
17.O-O d6
18.Ra1c1 Qf6e7
19.Rc1e1 Qe7d8
20.Qe2f3 Bc8d7
21.Re1e3 f6
22.Qf3g3 Qd8e7
23.e5 f5
24.Qg3h3 Qe7f7
25.Rf1e1 Ra8d8
26.exd6 Re8xe3
27.Re1xe3 Bf8xd6
28.Qh3h4 Rd8e8
29.Re3g3 Kh8
30.Rg3h3 c5
31.Rh3e3 Bd6e7
32.Qh4e1 g6
33.c4 Be7f6
34.Re3e2 Re8xe2
35.Bd3xe2 Kh7
36.Bd2c1 Bf6d4
37.Kf1 Qf7f6
38.Qe1d2 Bd7c6
39.Be2d1 Qf6e6
40.Bd1b3 b5
41.Qd2e2 Qe6xe2
42.Kxe2 bxc4
43.Bb3xc4 Bc6xg2
44.Bc1e3 Bd4xe3
45.Kxe3 cxb4
46.axb4 g5
47.Bc4e6 Kg6
48.Kf2 Bg2e4
49.Kg3 Kf6
50.Be6d7 h5
51.h4 gxf4
{ draw }
1/2-1/2

[Event "Tourn. n9579"]
[Site "www.chess-mail.com"]
[Date "2017.12.02"]
[Round "1"]
[White "Julian"]
[Black "Hansen"]
[WhiteElo "1530"]
[BlackElo "1560"]
[Result "0-1"]
[Round "1"]
1.b3 Nb8c6
2.Bc1b2 e6
3.e4 Qd8h4
4.d3 Bf8c5
5.Ng1h3 g5
6.g3 Qh4h6
7.Bf1g2 e5
8.O-O d6
9.Nb1d2 g4
10.c3 gxh3
11.Bg2h1 Ng8f6
12.d4 exd4
13.cxd4 Bc5b6
14.e5 dxe5
15.Rf1e1 Bc8g4
16.Qd1c2 Nc6b4
17.Qc2b1 Qh6xd2
18.Re1xe5 Kf8
19.Bb2a3 Bb6xd4
20.Ba3xb4 Qd2xb4
21.Qb1e1 Qb4b6
22.Re5g5 Ra8e8
23.Qe1d2 Re8e2
24.Qd2d3 Bd4xa1
25.Rg5xg4 Qb6xf2
{ resign }
0-1

[Event "Tourn. n9588"]
[Site "www.chess-mail.com"]
[Date "2017.12.02"]
[Round "1"]
[White "Cal"]
[Black "Jjmcbride"]
[WhiteElo "1670"]
[BlackElo "1630"]
[Result "0-1"]
[Round "1"]
1.e4 e5
2.a3 c6
3.Nb1c3 d5
4.exd5 cxd5
5.Bf1b5 Nb8c6
6.Ng1f3 Bc8g4
7.d3 Bf8e7
8.h3 Bg4h5
9.Qd1e2 d4
10.Nc3d5 Qd8xd5
11.O-O Qd5xb5
12.b3 f5
13.Bc1d2 O-O-O
14.a4 Qb5c5
15.c4 e4
16.dxe4 Be7d6
17.Bd2g5 Rd8e8
18.Qe2d3 fxe4
19.Qd3e2 exf3
20.Qe2d3 fxg2
21.Kxg2 Qc5xg5
22.Kh1 Bh5g6
23.Qd3d1 Bg6f5
24.Qd1f3 Bf5e4
25.Qf3xe4 Re8xe4
26.Ra1b1 Re4h4
27.f4 Rh4xh3
{ resign }
0-1

[Event "Tourn. n9616"]
[Site "www.chess-mail.com"]
[Date "2017.12.02"]
[Round "1"]
[White "Bojan"]
[Black "Piekki"]
[WhiteElo "2030"]
[BlackElo "2160"]
[Result "0-1"]
[Round "1"]
1.e4 c5
2.Ng1f3 Nb8c6
3.Bf1c4 e6
4.d4 cxd4
5.Nf3xd4 a6
6.Nd4xc6 bxc6
7.O-O d5
8.exd5 cxd5
9.Bc4e2 Ng8f6
10.Bc1g5 Bf8e7
11.Nb1d2 Bc8b7
12.Nd2f3 Qd8c7
13.c3 O-O
14.Rf1e1 e5
15.Nf3h4 g6
16.Nh4f3 Ra8d8
17.Bg5h6 Rf8e8
18.h3 d4
19.cxd4 e4
20.Nf3h2 Nf6d5
21.Ra1c1 Qc7b8
22.b3 Be7b4
23.Re1f1 e3
24.Nh2g4 Nd5c3
25.Qd1c2 exf2
26.Rf1xf2 Rd8xd4
27.a3 Nc3xe2
28.Rf2xe2 Re8xe2
29.Qc2b1 Re2xg2
30.Kf1 Rd4f4
{ resign }
0-1

[Event "Tourn. n9604"]
[Site "www.chess-mail.com"]
[Date "2017.12.02"]
[Round "1"]
[White "Norlavuaram"]
[Black "Apdash"]
[WhiteElo "2130"]
[BlackElo "2280"]
[Result "0-1"]
[Round "1"]
1.e4 c5
2.Ng1f3 Nb8c6
3.Bf1b5 d6
4.c3 a6
5.Bb5a4 g6
6.O-O Bf8g7
7.d4 b5
8.Ba4c2 cxd4
9.Nf3xd4 Bc8b7
10.Nb1d2 Nc6xd4
11.cxd4 Ng8f6
12.Rf1e1 e5
13.Nd2f3 Qd8c7
14.d5 Ra8c8
15.Bc2b1 O-O
16.h3 h6
17.Bc1e3 Kh7
18.Bb1d3 { time. }
0-1

[Event "Tourn. n9601"]
[Site "www.chess-mail.com"]
[Date "2017.12.02"]
[Round "1"]
[White "Cristiano"]
[Black "Pachi"]
[WhiteElo "1770"]
[BlackElo "1630"]
[Result "0-1"]
[Round "1"]
1.e4 e5
2.f4 Nb8c6
3.Ng1f3 f6
4.Bf1c4 b6
5.d4 Nc6a5
6.Bc4d3 c5
7.d5 c4
8.Bd3f1 b5
9.Bc1e3 exf4
10.Be3xf4 b4
11.Nb1d2 c3
12.bxc3 bxc3
13.Nd2b3 g5
14.Bf4e3 Bf8b4
15.Bf1d3 Ng8h6
16.h3 O-O
17.Nf3d4 d6
18.Qd1h5 Nh6f7
19.e5 f5
20.Nd4xf5 Nf7xe5
21.Nf5h6 Kg7
22.Be3d4 Qd8f6
23.Bd4xe5 Qf6xe5
24.Bd3e2 Bc8a6
25.Qh5g4 Kxh6
26.h4 Kg7
27.Nb3d4 Kf6
28.hxg5 Ke7
29.Rh1xh7 Rf8f7
30.Nd4f5 Ke8
31.Rh7xf7 Kxf7
32.Qg4h5 Kf8
33.Qh5h6 Ke8
34.Qh6g6 Kd8
35.Qg6g8 Kc7
36.Qg8g7 Kb6
37.Qg7xe5 dxe5
38.Be2xa6 Kxa6
39.a4 Ra8g8
40.Ra1b1 Rg8xg5
41.Rb1xb4 Rg5xf5
{ resign }
0-1

[Event "Match"]
[Site "www.echecsemail.com"]
[Date "2017.12.02"]
[Round "1"]
[White "Tonino1"]
[Black "Obisporey"]
[WhiteElo "2330"]
[BlackElo "2600"]
[Result "0-1"]
[Round "1"]
1.d4 d5
2.f4 Ng8f6
3.e3 c5
4.c3 Nb8c6
5.Bf1d3 Bc8g4
6.Ng1f3 e6
7.O-O Bf8e7
8.Nb1d2 O-O
9.h3 Bg4f5
10.Bd3xf5 exf5
11.Nf3e5 Rf8e8
12.Ne5xc6 bxc6
13.b3 cxd4
14.exd4 c5
15.Nd2f3 Nf6e4
16.Bc1b2 Qd8c7
17.Rf1e1 Qc7xf4
18.dxc5 Be7xc5
19.Nf3d4 Qf4f2
20.Kh1 Qf2xb2
 { time }
0-1

[Event "Match"]
[Site "www.echecsemail.com"]
[Date "2017.12.02"]
[Round "1"]
[White "Azocarwagner"]
[Black "Paco"]
[WhiteElo "1870"]
[BlackElo "1970"]
[Result "0-1"]
[Round "1"]
1.Ng1f3 d5
2.d4 Nb8c6
3.g3 Bc8f5
4.a3 e6
5.Bf1g2 Qd8f6
6.Bc1g5 Qf6g6
7.c3 f6
8.Bg5f4 O-O-O
9.Nf3h4 Qg6f7
10.O-O g5
11.Bf4xg5 fxg5
12.Nh4f3 g4
13.Nf3h4 Bf5e4
14.Bg2xe4 dxe4
15.e3 h5
16.Nb1d2 Bf8e7
17.Nd2xe4 e5
18.Qd1a4 Be7xh4
19.gxh4 Qf7f3
20.Ne4g5 Qf3f5
21.e4 Qf5d7
22.d5 Nc6b8
23.Qa4xa7 Ng8f6
24.Ng5e6 Rd8e8
25.Ne6c5 Qd7b5
26.a4 Qb5b6
27.Qa7xb6 cxb6
28.Nc5e6 Nf6xe4
29.a5 Ne4d2
30.Rf1d1 Nd2b3
31.Ra1a3 Nb3xa5
32.b4 Na5c4
33.Ra3a8 Kd7
34.Ra8a7 Nc4d6
35.Ne6g5 Kc7
36.Ng5e6 Kd7
37.c4 Ke7
38.Ne6g7 Re8c8
39.Ng7e6 Rc8xc4
40.b5 Nb8d7
41.Ra7a1 Nd6xb5
42.Ne6g5 Nb5c3
43.d6 Kf6
44.Rd1d3 Nc3e2
45.Kf1 Rc4c1
46.Rd3d1 Rc1xa1
47.Rd1xa1 Ne2d4
48.Ra1d1 b5
49.Ng5e4 Kf5
 { time }
0-1

[Event "Match"]
[Site "www.echecsemail.com"]
[Date "2017.12.02"]
[Round "1"]
[White "Apdash"]
[Black "Caspito"]
[WhiteElo "2240"]
[BlackElo "1930"]
[Result "1-0"]
[Round "1"]
1.e4 e5
2.Ng1f3 Nb8c6
3.Bf1c4 h6
4.c3 Qd8f6
5.d4 exd4
6.cxd4 d6
7.Qd1a4 Bc8d7
8.Qa4d1 Bd7g4
9.d5 Nc6e5
10.Bc4e2 Bg4xf3
11.Be2xf3 Ng8e7
12.Bf3e2 c6
13.f4 Ne5d7
14.O-O Nd7c5
15.Nb1c3 Ne7g6
16.Bc1e3 Bf8e7
17.Be3d4 Qf6h4
18.g3 Qh4h3
19.Be2g4 Qh3xf1
20.Qd1xf1 { resign }
1-0

[Event "Match"]
[Site "www.echecsemail.com"]
[Date "2017.12.02"]
[Round "1"]
[White "Eulero76"]
[Black "Tarasch"]
[WhiteElo "1739"]
[BlackElo "1499"]
[Result "1-0"]
[Round "1"]
1.c4 Ng8f6
2.g3 g6
3.Bf1g2 Bf8g7
4.Nb1c3 O-O
5.Ng1f3 d5
6.cxd5 Nf6xd5
7.O-O c5
8.Qd1b3 Nd5xc3
9.dxc3 Nb8c6
10.Bc1e3 b6
11.Rf1d1 Qd8e8
12.Rd1d2 Bc8b7
13.Be3xc5 Qe8c8
14.Bc5b4 Rf8d8
15.Rd2xd8 Qc8xd8
16.Nf3g5 Qd8e8
17.Ng5xf7 Kf8
18.Nf7g5 Bg7f6
19.Ng5e6 { resign }
1-0

[Event "Match"]
[Site "www.echecsemail.com"]
[Date "2017.12.02"]
[Round "1"]
[White "Apdash"]
[Black "Fangshuo"]
[WhiteElo "2280"]
[BlackElo "2010"]
[Result "1-0"]
[Round "1"]
1.e4 e6
2.d4 d5
3.exd5 exd5
4.Ng1f3 c5
5.Bf1e2 Ng8f6
6.O-O Bf8e7
7.dxc5 O-O
8.Bc1g5 Nb8c6
9.c3 Be7xc5
10.Qd1c2 d4
11.cxd4 Nc6xd4
12.Nf3xd4 Bc5xd4
13.Rf1d1 Qd8b6
14.Nb1c3 Bd4xf2
15.Kh1 Bf2d4
16.Nc3a4 Qb6a5
17.Rd1xd4 Qa5xg5
18.Be2f3 Ra8b8
19.h4 Qg5e5
20.Ra1d1 Bc8f5
21.Qc2d2 b6
22.Qd2g5 h6
23.Qg5d2 Rf8e8
24.Na4c3 Qe5e7
25.Qd2f4 Bf5e6
26.Qf4d2 b5
27.b4 Nf6g4
28.Bf3xg4 Qe7xh4
29.Bg4h3 Qh4h5
30.Qd2d3 Be6c4
31.Qd3f5 g5
32.Nc3e4 { resign }
1-0

[Event "1/16 Finale"]
[Site "www.chess-mail.com"]
[Date "2017.12.02"]
[Round "1"]
[White "Norlavuaram"]
[Black "George1955"]
[WhiteElo "2110"]
[BlackElo "2680"]
[Result "0-1"]
[Round "1"]
1.e4 c6
2.d4 d5
3.Nb1d2 dxe4
4.Nd2xe4 Bc8f5
5.Ne4g3 Bf5g6
6.Ng1f3 Nb8d7
7.Bf1e2 e6
8.O-O Ng8f6
9.c4 { time. }
0-1

[Event "Fast Game"]
[Site "www.echecsemail.com"]
[Date "2017.12.02"]
[Round "1"]
[White "Fabos12"]
[Black "Apdash"]
[WhiteElo "1820"]
[BlackElo "2020"]
[Result "0-1"]
[Round "1"]
1.d4 d5
2.Bc1f4 e6
3.e3 Ng8f6
4.h3 c5
5.c3 Nb8c6
6.Nb1d2 cxd4
7.exd4 Bf8d6
8.Bf4xd6 Qd8xd6
9.Ng1f3 O-O
10.Bf1d3 e5
11.dxe5 Nc6xe5
12.Qd1e2 Ne5xf3
13.Qe2xf3 Rf8e8
14.Kd1 { time. }
0-1

[Event "Fast Game"]
[Site "www.echecsemail.com"]
[Date "2017.12.02"]
[Round "1"]
[White "Fabos12"]
[Black "Hennie4820"]
[WhiteElo "1820"]
[BlackElo "1650"]
[Result "0-1"]
[Round "1"]
1.d4 Ng8f6
2.c4 g6
3.Nb1c3 Bf8g7
4.e4 d6
5.Bf1d3 O-O
6.h3 Nb8d7
7.Bc1e3 e5
8.d5 Nd7b6
9.a4 a5
10.Be3xb6 { time. }
0-1